124 jeux vidéos - Statistiques

Statistiques générales
  • Ce quiz a été pris 279 fois
    101 depuis la dernière actualisation
  • Le résultat moyen est 24 sur 124
Statistiques - réponses
Réponse % Correct
Mario
75%
Call of Duty
71%
GTA
69%
Fortnite
63%
Fifa
57%
The Legend of Zelda
56%
Minecraft
54%
Red Dead Redemption
51%
Assassin's Creed
46%
God Of War
46%
Pokemon
46%
League of Legend
44%
Rocket League
42%
Resident Evil
40%
Sonic the Hedgehog
40%
The Last of Us
40%
Spiderman
36%
Uncharted
36%
Overwatch
35%
Valorant
35%
Animal Crossing
33%
Final Fantasy
33%
Les Sims
33%
Luigi's Mansion
33%
Elden Ring
32%
Metal Gear
32%
Tetris
32%
The Witcher
31%
Tomb Raider
31%
World of Warcraft
31%
Horizon
29%
Kirby
29%
Tekken
29%
Battlefield
28%
Crash Bandicoot
28%
Dark Souls
28%
Mortal Kombat
28%
Skyrim
28%
Wii Sport
28%
Metroid
26%
Doom
25%
Fallout
25%
Far Cry
25%
Gran Turismo
25%
Pacman
25%
Super Smash Bros
25%
Dragon Ball
22%
Hitman
22%
Rayman
22%
Life is Strange
21%
Silent Hill
21%
Cyberpunk
19%
Diablo
19%
Ghost of Tsushima
18%
Outlast
17%
Spyro le Dragon
17%
Star Wars
17%
Dragon Quest
15%
Fire Emblem
15%
Splatoon
15%
Destiny
14%
Naruto Ninja Storm
14%
Persona
14%
Until Dawn
14%
Batman Arkham
13%
Castlevania
13%
Death Stranding
13%
Hogwarts Legacy
13%
Kingdom Hearts
13%
One Piece
13%
Ratchet et Clank
13%
Watch Dogs
13%
Bloodborne
11%
Dead by Daylight
11%
Borderlands
10%
Devil May Cry
10%
Monster Hunter
10%
StarFox
10%
Avatar Frontiers of Pandora
8%
Bioshock
8%
Jump Force
8%
Mass Effect
8%
Megaman
8%
Nintendogs
8%
SoulCalibur
8%
Warhammer 40 000
8%
Baldur's Gate
7%
Dying Light
7%
Marvel's Avengers
7%
Prince of Persia
7%
Street Fighters
7%
Black Myth: Wukong
6%
Deadspace
6%
Injustice
6%
Titanfall
6%
Demon's Souls
4%
Hades
4%
Kid Icarus
4%
Stray
4%
The Quarry
4%
Worms
4%
Dishonored
3%
Helldivers
3%
Lies of P
3%
MediEvil
3%
Suicide Squad Kill the Justice League
3%
Dead Island
1%
Gotham Knights
1%
Killzone
1%
Prey
1%
Prototype
1%
Rise of the Ronin
1%
Sleeping Dogs
1%
Stellar Blade
1%
Alone in the Dark
0%
Atlas Fallen
0%
Callisto Protocol
0%
Endless Dungeon
0%
Evil West
0%
Lords of the Fallen
0%
Marvel's Midnight Suns
0%
Rogue Legacy
0%
Skull and Bones
0%
Steelrising
0%
Aucun quiz correspondant
Distribution des résultats
% des personnes avec chaque résultat
Percentile par nombre de réponses
Votre historique - résultats
Vous n’avez pas pris ce quiz depuis la dernière actualisation